Every Class 2 Illinois Senator - Statistics

General Stats
  • This quiz has been taken 14 times
  • The average score is 9 of 23
Answer Stats
Picture Hint Answer % Correct
I(1877-1883) David Davis
100%
D(1997-) Richard Durbin
100%
D(1949-1967) Paul H. Douglas
75%
D(1985-1997) Paul M. Simon
75%
D(1847-1861) Stephen A. Douglas
75%
R(1967-1985) Charles H. Percy
50%
R(1818-1829) Jesse B. Thomas
50%
R(1925-1931) Charles S. Deneen
25%
R(1940-1949) C. Wayland Brooks
25%
D(1830-1830) David J. Baker
25%
D(1931-1939) James Hamilton Lewis
25%
D(1913-1919) James Hamilton Lewis
25%
D(1939-1940) James M. Slattery
25%
D(1843-1847) James Semple
25%
R(1871-1877) John A. Logan
25%
J(1829-1830) John McLean
25%
D(1830-1841) John M. Robinson
25%
R(1919-1925) Joseph Medill McCormick
25%
R(1861-1863) Orville H. Browning
25%
R(1865-1871) Richard Yates
25%
D(1841-1843) Samuel McRoberts
25%
R(1883-1913) Shelby M. Cullom
25%
D(1863-1865) William A. Richardson
25%
No matching quizzes found
Score Distribution
Percent of People with Each Score
Percentile by Number Answered
Your Score History
You have not taken this quiz